| 000 | 00605nam a22001817a 4500 | ||
|---|---|---|---|
| 005 | 20251108173212.0 | ||
| 008 | 250721s2005 xx 000 0 ara d | ||
| 082 | 1 | 4 | _a818.102/ياس |
| 100 | 1 | _aأبو ياسر، | |
| 245 | 1 | 0 | _aخواطر مواطن عربي تستفزه الأحداث منذ النكبة وأختها النكسة و واقعنا المعاصر / |
| 264 | 1 |
_aعمان : _bالمؤلف، _c2005. |
|
| 300 | _a146 ص. | ||
| 490 | 0 |
_aسلسلة خواطر مواطن _v( 1) |
|
| 650 | 1 | 7 | _aالأدب العربي |
| 650 | 1 | 7 | _aالخواطر |
| 942 |
_2ddc _cBK |
||
| 999 |
_c98416 _d98416 |
||